NCAAW Tournament Winners - Statistics

General Stats
  • This quiz has been taken 59 times
    51 since last reset
  • The average score is 29 of 38
Answer Stats
Hint Answer % Correct
2022 South Carolina
100%
2017 South Carolina
100%
2023 LSU
98%
2016 Connecticut
89%
2015 Connecticut
89%
2014 Connecticut
89%
2013 Connecticut
89%
2010 Connecticut
89%
2009 Connecticut
89%
2004 Connecticut
89%
2003 Connecticut
89%
2002 Connecticut
89%
2000 Connecticut
89%
1995 Connecticut
89%
2008 Tennessee
86%
2007 Tennessee
86%
1998 Tennessee
86%
1997 Tennessee
86%
1996 Tennessee
86%
1991 Tennessee
86%
1989 Tennessee
86%
1987 Tennessee
86%
1986 Texas
77%
2018 Notre Dame
73%
2001 Notre Dame
73%
2021 Stanford
73%
1992 Stanford
73%
1990 Stanford
73%
2019 Baylor
64%
2012 Baylor
64%
2005 Baylor
64%
2011 Texas A&M
52%
2006 Maryland
48%
1994 North Carolina
48%
1993 Texas Tech
45%
1999 Purdue
43%
1988 Louisiana Tech
41%
1985 Old Dominion
27%
No matching quizzes found
Score Distribution
Percent of People with Each Score
Percentile by Number Answered
Your Score History
You have not taken this quiz since the last reset